000 00590nam a2200145 a 4500
008 120416s1968 ||||||||||||||||| || u
050 _aHG 4028.M4 Moo
100 _aMoon, Donald W
245 1 0 _aBusiness mergers and take-over bids: a study of the post-war pattern of amalgamations and reconstruction of companies. (3rd ed.)
250 _a3rd ed.
260 _aLondon:
_bGee & Co
_c1968
300 _a238p. : ill.
350 _a0.00
995 _D0.00
_FCBU-MAIN LIBRARY (Kitwe)
_H1
_I5.95
_UAVAILABLE
_ZAnnex Low-Usage Collection
999 _c36483
_d36483